Responses for show #4841 - Monday, October 3, 2005

Jason Richards game 1.

Contestants

[<< previous game]

Jason Richards, a pharmacy technician from Old Town, Maine

Zeb Schobernd, a marine biologist from Newport, Oregon

Elizabeth Randisi, an attorney from Webster, New York (whose 1-day cash winnings total $6,900)

[next game >>]

Jeopardy! Round responses

MONUMENTS
IN STYLE
(Alex: ...the magazine.)
COLLEGES & UNIVERSITIES
DO YOU HAVE THE MUNCHIES?
MANUEL LABOR
HARD "WORK"
    $200 9
Mao Tse-tung

Jason
    $200 21
(Alex: And that's [*]--not too far from here.)

Malibu

Triple Stumper
    $200 4
Southern California

Jason
    $200 16
the llama

Jason
    $200 26
Manuel Noriega

Jason
    $200 1
(Zeb: What is "I'll be working on the railroad"?)
...
(Alex: "I've been working", not "I'll be", yes.)

"I've been working on the railroad"

ElizabethZeb
    $400 10
Lisbon

Jason
    $400 22
Charlize Theron

Elizabeth
    $1,000 5
Brown

Jason
    $400 17
cashews & pecans (also hazelnuts, brazils, & almonds)

Jason
    $400 27
(Jason: Who is, uh, George Bush?)
(Alex: Which one?)
(Jason: Uh, the First.)
(Alex: Okay. Ha ha ha. It's not a dynasty. It's not royalty... yet.)
(Jason: Yet.)

George H.W. Bush

Jason
    $400 2
The Miracle Worker

Elizabeth
    $600 11
the Taj Mahal

Jason
    $600 23
spa

Elizabeth
    $600 6
New Jersey

Jason
    $600 18
Eggos

Jason
    $600 28
[The end-of-round signal sounds.]

The Call of the Wild

Jason
    $600 3
workman's compensation

Jason
    $800 12
(Zeb: What is Mount Everest?)

Mount Suribachi

Zeb
Triple Stumper
    $800 24
(Alex: And that Oscar-winning actor is [*].)

Russell Crowe

Triple Stumper
    $800 7
Bowdoin College

Jason
    $800 19
(Zeb: Uh, what is awful?)

wurst

ZebJason
    $800 14
the United Farm Workers of America

Triple Stumper
    $1000 13
the Maori

Jason
    $1000 25
ghetto fabulous

Jason
    $1000 8
[Applause for Jason's run of the category]

Emory

Jason
    $1000 20
[No applause for Jason's run of the category]

caviar

Jason
    $1000 15
(Jason: What is the Works Project Administration?)
(Alex: Say it again?)
(Jason: [*]?)
(Alex: That's it, yes.)

the Works Progress Administration

Jason

Scores at the first commercial break (after clue 15):

Elizabeth Zeb Jason
$600 -$1,000 $7,400

Scores at the end of the Jeopardy! Round:

Elizabeth Zeb Jason
$1,600 -$1,800 $12,600

Double Jeopardy! Round responses

ROYAL ODDITIES
MOVIE DIRECTORS
THE LAND DOWN UNDER
SUBATOMIC MASS PERSUASION
NOBEL LIT WINNERS, INITIALLY YOURS
(Alex: We'll give you the initials.)
"POT" POURRI
    $400 26
Sweden

Jason
    $400 2
Steven Spielberg

Triple Stumper
    $400 1
the platypus

Jason
    $400 7
the nucleus

Jason
    $400 12
Boris Pasternak

Jason
    $400 17
(Alex: Well done, you're on the plus side now.)

the Potomac

Zeb
    $800 27
(Alex: It probably wasn't connected. [*].)
(Jason: Let's hope not!)

Ethiopia

Triple Stumper
    $800 3
John Grisham

Jason
    $800 22
the America’s Cup

Jason
    $800 8
bosons

Jason
    $800 13
Hermann Hesse

Elizabeth
    $800 18
Beatrix Potter

Jason
    $1200 28
Louis XVII

Triple Stumper
    $1200 4
Peter Bogdanovich

Triple Stumper
    $1200 23
(Elizabeth: What is Sydney?)

Melbourne

ElizabethJason
    $1200 9
Heisenberg

Jason
    $1200 14
Albert Camus

Elizabeth
    $1200 19
the Potemkin

Zeb
    $1600 29
[The end-of-round signal sounds.]

Frederick

Jason
    $3,000 5
George Cukor

Jason
    $1600 24
"Waltzing Matilda"

Jason
    $1600 10
hydrogen

Jason
    $1600 15
Pablo Neruda

Zeb
    $1600 20
potlatch

Elizabeth
    $2000 6
Michael Curtiz

Jason
    $5,500 25
(Alex: You have a $23,600 lead.)
(Jason: Um... Oh, $5,500.)
(Alex: How did you pick $5,500?)
(Jason: I have no earthly clue!)
(Alex: All right. Well, let's see if you have a--I'll give you the clue, and let's see if you have some idea to the correct response to this.)

Ayers Rock

Jason
    $2000 11
(Zeb: What are photons?)

neutrinos

ZebJason
    $2000 16
Pearl Buck

Zeb
    $2000 21
(Chaim) Potok

Elizabeth

Scores at the end of the Double Jeopardy! Round:

Elizabeth Zeb Jason
$6,000 $1,400 $37,100
(lock game)

[wagering suggestions for these scores]

Final Jeopardy! Round responses

PRESIDENTIAL RELATIVES
(Alex: And his most famous grandson became president of the United States.)
...
(Alex: No, you're on the wrong side of the family. You have to go to the mother's side--Rose Fitzgerald Kennedy. And [*] was JFK's grandfather.)
ZebWho is [scribble] Kenne
$726
ElizabethWho is Joseph Kennedy Sr.?
$3,000
JasonWho is Joe Kennedy, Sr?
$5,000
John Francis Fitzgerald

Final scores:

Elizabeth Zeb Jason
$3,000 $674 $32,100
2nd place: $2,000 3rd place: $1,000 New champion: $32,100

Game dynamics:

Coryat scores:

Elizabeth Zeb Jason
$6,000 $1,400 $31,600
8 R,
1 W
4 R,
4 W
37 R
(including 3 DDs),
0 W

Combined Coryat: $39,000

The J! Archive is created by fans, for fans. The Jeopardy! game show and all elements thereof, including but not limited to copyright and trademark thereto, are the property of Jeopardy Productions, Inc. and are protected under law. This website is not affiliated with, sponsored by, or operated by Jeopardy Productions, Inc. Join the discussion at JBoard.tv.